Players to have scored 6 or more goals at the Africa Cup of Nations - Statistics

General Stats
  • This quiz has been taken 18 times
  • The average score is 14 of 49
Answer Stats
Nation Tournaments Played In Goals Player % Correct
Ivory Coast 2006, 2008, 2010, 2012, 2013 11 Didier Drogba
100%
Egypt 2017, 2019, 2021, 2023 7 Mohamed Salah
100%
Senegal 2015, 2017, 2019, 2021, 2023 9 Sadio Mane
100%
Cameroon 2000, 2002, 2004, 2006, 2008, 2010 18 Samuel Eto'o
93%
Ivory Coast 1986, 1988, 1990, 1992, 1994, 1996 9 Abdoulaye Toure
71%
Ghana 2008, 2010, 2012, 2015, 2017, 2019, 2021, 2023 10 Andre Ayew
71%
Ghana 2012, 2015, 2017, 2019, 2021, 2023 6 Jordan Ayew
71%
Ivory Coast 2006, 2008, 2010, 2012, 2013, 2015 6 Yaya Toure
71%
Algeria 2015, 2017, 2019, 2021, 2023 6 Riyad Mahrez
64%
Ghana 2008, 2010, 2012, 2013, 2015, 2017, 2019 8 Asamoah Gyan
57%
South Africa 1998, 2002, 2006 7 Benni McCarthy
57%
Gabon 2010, 2012, 2015, 2017 6 Pierre-Emerick Aubameyang
57%
Mali 2004, 2008, 2010 7 Frederic Kanoute
50%
Mali 2002, 2004, 2008, 2010, 2012, 2013, 2015 8 Seydou Keita
50%
Ivory Coast 2008, 2010, 2012, 2013, 2015 6 Gervinho
43%
Cameroon 1982, 1984, 1986, 1988 7 Roger Milla
43%
Cameroon 2015, 2017, 2021, 2023 9 Vincent Aboubakar
36%
Ghana 1982, 1992, 1994, 1996, 1998 7 Abedi Pele
29%
Nigeria 2994, 2000, 2002, 2004, 2006 7 Jay-Jay Okocha
29%
Cameroon 1998, 2000, 2002, 2004 11 Patrick Mboma
21%
Tunisia 2004, 2006, 2008 10 Francileudo Santos
14%
Cameroon 2017, 2019, 2021, 2023 6 Karl Toko Ekambi
14%
Morocco 1972, 1976, 1978 6 Ahmed Faras
7%
Egypt 1996, 1998, 2000, 2002, 2004, 2006, 2008, 2010 8 Ahmed Hassan
7%
Egypt 1970, 1974 7 Ali Abo Gresha
7%
Zambia 2006, 2008, 2010, 2012, 2013 7 Christopher Katongo
7%
Equatorial Guinea 2015, 2021, 2023 6 Emilio Nsue
7%
Angola 2006, 2008, 2010, 2012 7 Flavio
7%
Ghana 1978, 1982, 1984 6 George Alhassan
7%
Egypt 1963, 1970, 1974 12 Hassan El-Shazly
7%
Egypt 1986, 1988, 1992, 1998, 2000, 2002, 2006 11 Hossam Hassan
7%
Ivory Coast 1992, 1994, 1996, 1998 10 Joel Tiehi
7%
Nigeria 2000, 2002, 2004, 2006 6 Julius Aghahowa
7%
Zambia 1986, 1992, 1994, 1996, 1998, 2000 10 Kalusha Bwalya
7%
Algeria 1980, 1982, 1984, 1988 6 Lakhdar Belloumi
7%
Ivory Coast 1968, 1970, 1974, 1980 14 Laurent Pokou
7%
Angola 2008, 2010, 2012, 2013 9 Manucho
7%
DR Congo 1970, 1972, 1974 6 Mayanga Maku
7%
Ethiopia 1959, 1962, 1963, 1965, 1968, 1970 10 Mengistu Worku
7%
Egypt 2006, 2008 6 Mohamed Aboutrika
7%
Zaire 1974, 1976 10 Ndaye Mulamba
7%
Ghana 1963, 1965, 1968 7 Osei Kofi
7%
Guinea 2004, 2006, 2008, 2012 8 Pascal Feindouno
7%
Nigeria 1988, 1990, 1992, 1994 13 Rashidi Yekini
7%
Nigeria 1978, 1980 6 Segun Odegbami
7%
South Africa 1996, 2000, 2002, 2004 6 Shaun Bartlett
7%
Egypt 1984, 1986 7 Taher Abouzeid
7%
Ghana 1963, 1968 6 Wilberforce Mfum
7%
Tunisia 2010, 2012, 2013, 2015, 2017, 2019, 2021, 2023 7 Youssef Msakni
7%
No matching quizzes found
Score Distribution
Percent of People with Each Score
Percentile by Number Answered
Your Score History
You have not taken this quiz